00828nam a2200229 a 450000100060000000300080000600500170001400800410003102000150007203500190008704000260010604100080013208200250014010000360016524500960020126000640029730000200036165000170038194200120039899900170041095201710042757066BD-RjUL20211209080450.0161205s1994 bg | o000 0 eng d a9845590446 a(BD-RjUL)57190 aBD-RjULbengcBD-RjUL aeng 223a641.35bDAV 19941 aDasgupta, Swapan Kumar.916789410aVegetable marketing in Comilla villages : bproblems and prospects /cSwapan Kumar Dasgupta aComilla :bBangladesh Academy for Rural Development,c1994. a29 p. ;c22 cm. aFood9169534 2ddccBK c57066d57066 00102ddc40718NFICaRUCLbRUCLcReadingd2007-10-24eBangladesh palli unnayan academy, Comillag45.00l0o641.35 DAV 1994r2016-12-05 00:00:00tC-1w2021-12-09yBK